Za hranicami času

Bibliographic Details
Main Author: Ščepán, Stanislav, 1957- (Author)
Format: Article
Language:Slovak
PhysicalDescription:Obr. 2.
Subjects:

MARC

LEADER 00000nab a2200000 a 4500
001 vtls000041954
003 SK-MaSNL
005 20260305043658.0
008 160202c1979 xo 0 slo
015 |a SNBRB19rr/mm-uuuuu 
035 |a CL0052049 
040 |a SNKBUCL  |b slo  |c SNKBUCL  |e AACR2 
041 0 |a slo 
044 |a xo  |c SK 
080 |a 943.7  |2 1981 
100 1 |a Ščepán, Stanislav,  |d 1957-  |4 aut  |9 221823 
245 1 0 |a Za hranicami času  |c Stano Ščepán 
300 |b Obr. 2. 
650 0 7 |a ČSSR  |2 snkbucl  |9 335647 
650 0 7 |a Česi  |2 snkbucl  |9 24818 
650 0 7 |a Slováci  |2 snkbucl  |9 22552 
651 7 |a 3100  |2 snkbucl  |9 920766 
655 7 |a články z novín a časopisov  |2 snkbucl  |9 267496 
773 0 |t Smena  |g Roč. 32, č. 242 (13. 10. 1979), s. 3 
850 |a Slovenská národná knižnica v Martine  |a MTA001 
852 |a SNK  |b KIS3GCP 
958 |a RK 
958 |a CZ 
992 |a RBX 
999 |c 3354608  |d 3356538